Nantes - Statistiques

Statistiques générales
  • Ce quiz a été pris 571 fois
  • Le résultat moyen est 14 sur 15
Statistiques - réponses
Question Réponse % Correct
Quel est le code postal de Nantes ? 44000
99%
Quel est le fleuve qui traverse Nantes ? La Loire
99%
Comment s’appellent les habitants ? Les nantais
99%
Comment s’appelle la fameuse biscuiterie nantaise ? LU
99%
Quel est le département dont Nantes est la préfecture ? La Loire-Atlantique (44)
98%
Quel est le nom breton de Nantes ? Naoned
98%
Comment s’appelle et combien mesure la tour située au dessus de la Place du Cirque ? La Tour Bretagne, 144m
94%
Quel est le nom de l’écrivain français né à Nantes ? Jules Verne
93%
Quel peuple gaulois a donné son nom à la ville ? Les Namnètes
93%
Comment s’appelle la galerie commerciale qui relie la Rue Santeuil à celle de la Fosse ? Le passage Pommeraye
91%
Comment s’appelle le/la maire ? Johanna Rolland
90%
Comment s’appelle la brasserie incontournable située place Graslin ? La Cigale
89%
Comment s’appelle l’aéroport international de Nantes ? Nantes-Atlantique
86%
Nantes occupe la ? eme place des villes les plus peuplées de France 6eme
82%
Quels travaux ont métamorphosé Nantes entre 1926 et 1946 ? Les comblements
46%
Aucun quiz correspondant
Distribution des résultats
% des personnes avec chaque résultat
Percentile par nombre de réponses
Votre historique - résultats
Vous n’avez pas pris ce quiz